| 000 | 00839nam a22001577a 4500 | ||
|---|---|---|---|
| 003 | OSt | ||
| 005 | 20151128111159.0 | ||
| 008 | 151128b xxu||||| |||| 00| 0 eng d | ||
| 040 | _cRUA | ||
| 082 | _aFIS ស៊ុន 1996 B164 Or.1 | ||
| 100 |
_93975 _aស៊ុន វឌ្ឍនៈ |
||
| 245 | _aTrap pond mapping as a tool to identify fish deficit areas in svay teap and kompong ro district of svay rieng, ការធ្វើផែនទីនៃផលិតផលត្រីក្នុងប្រព័ន្ធបៀរដើម្បីកំណត់តំបន់ខ្សត់ត្រីក្នុងស្រុកស្វាយទាប និងស្រុកកំពង់រោទ៍ ខេត្តស្វាយរៀង | ||
| 260 |
_aPhnom Penh _bRUA _c1996 |
||
| 300 |
_a64p. _bill. _c29cm. |
||
| 942 |
_2ddc _cFIS |
||
| 999 |
_c3696 _d3696 |
||